000 01369cam a2200229 4500
001 ##L135454
008 061027n2006 000 0 eng u
035 _a(Sirsi) u135454
041 0 _aeng
100 1 _aPillow, Michael
110 2 _aSavills
_92020
245 0 0 _aPMI Report on commercial development activity
_bSeptember 2006
260 3 _aLondon
_bSavills
_cSeptember 2006
505 1 _aGrowth of UK commercial development activity was the least marked for eight months in August -- Tables and graphs
520 _aThe report contains the latest data from the Savills PMI survey of business conditions in the commercial property sector. The survey is based on monthly questionnaires completed by executives across the commercial property. One in four of the survey panel reported a rise in private sector development activity in August 2006, compared to less than one in twelve that signalled a decline. Commercial development growth activity was the least marked for eight months and the best performing categories were refurbishment activity and private sector office development.
590 _aIKA 311006
651 4 _aUnited Kingdom
_y
690 _aPROPERTY-COMMERCIAL PROPERTY-COMMERCIAL PROPERTY MARKET
700 1 _aOakley, Mat
856 4 0 _uhttps://www.savills.co.uk/research
_zView the item free of charge at www.savills.co.uk...
942 _n0
999 _c106069
_d106069